[Event "Guimaraes op"]
[Site "Guimaraes"]
[Date "2021.08.25"]
[Round "3"]
[White "Crevatin, Leo"]
[Black "Bressac, Stephane"]
[Result "0-1"]
[WhiteElo "2160"]
[BlackElo "2390"]
[PlyCount "120"]
[EventDate "2021.08.24"]
[EventType "swiss"]
[EventRounds "9"]
[EventCountry "POR"]
[SourceTitle "CBM 204 Extra"]
[Source "ChessBase"]
[SourceDate "2021.11.30"]
[SourceVersion "1"]
[SourceVersionDate "2021.11.30"]
[SourceQuality "1"]

1. d4 d6 2. Nf3 Nf6 3. c4 g6 4. Nc3 Nbd7 5. Bg5 Bg7 6. h3 0-0 7. e3 b6 8. Be2 Bb7 9. Qc2 a6 10. Rd1 c5 11. 0-0 cxd4 12. Nxd4 Qb8 13. Nd5 Re8 14. Bf3 e6 15. Nxf6+ Nxf6 16. Rc1 Rc8 17. Bxf6 Bxf6 18. Bxb7 Qxb7 19. Qd2 d5 20. cxd5 Qxd5 21. b3 Rxc1 22. Rxc1 Rd8 23. Rd1 Qe4 24. Qc1 Bxd4 25. Rxd4 Rxd4 26. exd4 Kg7 27. Qd2 h5 28. a4 Qb1+ 29. Kh2 Qxb3 30. Qe2 Qd5 31. Qxa6 Qxd4 32. f3 Qe5+ 33. Kg1 Qe3+ 34. Kf1 g5 35. Qc4 h4 36. Qb4 Kg6 37. a5 bxa5 38. Qxa5 Qd4 39. Qb5 Kf6 40. Qe8 Kg7 41. Qb5 f6 42. Qb7+ Kg6 43. Qb1+ f5 44. Qb8 Qd1+ 45. Kf2 Qd2+ 46. Kf1 Kf6 47. Qc7 Qd4 48. Qb8 Ke7 49. Qc7+ Qd7 50. Qc5+ Qd6 51. Qc8 Qd1+ 52. Kf2 Qd4+ 53. Kf1 Qa1+ 54. Kf2 Qb2+ 55. Kf1 Qb1+ 56. Kf2 Qb6+ 57. Kf1 Kd6 58. Qc3 Qb5+ 59. Kf2 Qc5+ 60. Qxc5+ Kxc5 0-1

[Event "Titled Tuesday intern op 13th Apr"]
[Site "Chess.com INT"]
[Date "2021.04.13"]
[Round "7"]
[White "Bressac, Stephane"]
[Black "Djaparov, Medet"]
[Result "0-1"]
[WhiteElo "2390"]
[BlackElo "1691"]
[PlyCount "36"]
[EventDate "2021.04.13"]
[EventType "swiss (blitz)"]
[EventRounds "11"]
[EventCountry "USA"]
[SourceTitle "CBM 201 Extra"]
[Source "ChessBase"]
[SourceDate "2021.05.31"]
[SourceVersion "1"]
[SourceVersionDate "2021.05.31"]
[SourceQuality "1"]

1. e4 e5 2. Nf3 Nc6 3. d4 exd4 4. Nxd4 Bc5 5. Nxc6 Qf6 6. Qf3 dxc6 7. Bc4 Qg6 8. Bf4 Bg4 9. Qb3 Qxe4+ 10. Be3 Bxe3 11. fxe3 Qxg2 12. Rf1 0-0-0 13. Bd3 Nf6 14. Nd2 Rhe8 15. Nc4 Qxh2 16. Rf2 Qg1+ 17. Bf1 Ne4 18. Rf4 Qg3+ 0-1